000
00360nam a2200133Ia 4500
008
100328s9999 xx 000 0 und d
082
_b
35670
100
_a
काकोडकर चंद्रकांत.
245
_a
अभिमान
260
_b
मनोरमा
630
_a
अभिमान
730
_a
अभिमान
942
_c
BOOK
999
_c
525526
_d
525523